Indian' s New Capitalists: (Record no. 62070)
[ view plain ]
| 000 -LEADER | |
|---|---|
| fixed length control field | 01585nam a22002537a 4500 |
| 005 - DATE AND TIME OF LATEST TRANSACTION | |
| control field | 2012020605315.0 |
| 010 ## - LCCN (DPL NO) | |
| LC control number | B-452466-470 |
| 020 ## - INTERNATIONAL STANDARD BOOK NUMBER | |
| International Standard Book Number | 8178242583 |
| Terms of availability | 395.00 |
| 020 ## - INTERNATIONAL STANDARD BOOK NUMBER | |
| International Standard Book Number | 9788178242583 |
| Terms of availability | 395.00 |
| 035 ## - SYSTEM CONTROL NUMBER | |
| System control number | B-452466-470 |
| 082 ## - DEWEY DECIMAL CLASSIFICATION NUMBER | |
| Classification number | 338.70954 |
| 100 ## - MAIN ENTRY--PERSONAL NAME | |
| Personal name | Damodaran,Harish |
| 245 ## - TITLE STATEMENT | |
| Title | Indian' s New Capitalists: |
| Remainder of title | caste, business,and industry in a mordern nation / |
| Statement of responsibility, etc | by Damodaran ,Harish |
| 260 ## - PUBLICATION, DISTRIBUTION, ETC. (IMPRINT) | |
| Place of publication, distribution, etc | New Delhi |
| Name of publisher, distributor, etc | Permanent black |
| Date of publication, distribution, etc | 2011 |
| 270 ## - ADDRESS | |
| Address | Himalayana, Mall Road ,Ranikhet cantt |
| City | Ranikhet |
| Postal code | 263645 |
| 300 X# - PHYSICAL DESCRIPTION | |
| Extent | xxiii,341p. |
| Dimensions | 22cm (pbk) |
| 500 ## - GENERAL NOTE | |
| General note | includes Bibliography and indexes |
| 942 ## - ADDED ENTRY ELEMENTS (KOHA) | |
| Source of classification or shelving scheme | Dewey Decimal Classification |
| Item type | English Books |
| Call number suffix | DAM |
| Classification part | 338.70954 |
| Withdrawn status | Lost status | Not for loan | Collection code | Home library | Current library | Date acquired | Source of acquisition | Cost, normal purchase price | Full call number | Barcode | Copy number | Cost, replacement price | Koha item type | Public note |
|---|---|---|---|---|---|---|---|---|---|---|---|---|---|---|
| Non-fiction | Central Library | Central Library | 13/02/2012 | Virtuous Pub./686/14.10.11/05/15.9.11/29.11.11 | 395.00 | 338.70954 DAM | B-452466 | 1 | 395.00 | English Books | Legal Case (Register 30) | |||
| Non-fiction | Karol Bagh | Karol Bagh | 13/02/2012 | Virtuous Pub./686/14.10.11/05/15.9.11/29.11.11 | 395.00 | 338.70954 DAM | B-452469 | 1 | 395.00 | English Books | ||||
| Non-fiction | Patel Nagar | Patel Nagar | 13/02/2012 | Virtuous Pub./686/14.10.11/05/15.9.11/29.11.11 | 395.00 | 338.70954 DAM | B-452467 | 1 | 395.00 | English Books | ||||
| Non-fiction | Sarojini Nagar | Sarojini Nagar | 13/02/2012 | Virtuous Pub./686/14.10.11/05/15.9.11/29.11.11 | 395.00 | 338.70954 DAM | B-452468 | 1 | 395.00 | English Books | ||||
| Non-fiction | Shahdara Branch | Shahdara Branch | 13/02/2012 | Virtuous Pub./686/14.10.11/05/15.9.11/29.11.11 | 395.00 | 338.70954 DAM | B-452470 | 1 | 395.00 | English Books |
